এটমিক হ্যাবিটস / (Record no. 13816)
[ view plain ]
| 000 -LEADER | |
|---|---|
| fixed length control field | 00824nam a2200241 a 4500 |
| 001 - CONTROL NUMBER | |
| JCCL Control Number | 13816 |
| 003 - CONTROL NUMBER IDENTIFIER | |
| JCCL marc code | BD-JhCC |
| 005 - DATE AND TIME OF LATEST TRANSACTION | |
| control field | 20240416084550.0 |
| 008 - FIXED-LENGTH DATA ELEMENTS--GENERAL INFORMATION | |
| fixed length control field | 240415b2023 bg |||| ||a| 000 0 ben d |
| 020 ## - INTERNATIONAL STANDARD BOOK NUMBER | |
| International Standard Book Number | 9789849676072 |
| 035 ## - SYSTEM CONTROL NUMBER | |
| system control number | (BD-JhCC)13816 |
| 040 ## - CATALOGING SOURCE | |
| Original cataloging agency | BD-JhCC |
| Modifying agency | BD-JhCC |
| 041 ## - LANGUAGE CODE | |
| Language code of Book | Bengali |
| 082 ## - DEWEY DECIMAL CLASSIFICATION NUMBER | |
| Classification number | 158.1 |
| Author mark and Year | CLE 2023 |
| 100 ## - MAIN ENTRY--PERSONAL NAME | |
| Personal name | ক্লিয়ার,জেমস |
| 245 ## - TITLE STATEMENT | |
| Title | এটমিক হ্যাবিটস / |
| Statement of responsibility, etc | জেমস ক্লিয়ার অনু: মোহাম্মদ আসাদুজ্জামান। |
| 260 ## - PUBLICATION, DISTRIBUTION, ETC. (IMPRINT) | |
| Place of publication, distribution, etc | ঢাকা: |
| Name of publisher, distributor, etc | শব্দশিল্প; |
| Date of publication, distribution, etc | 2023. |
| 300 ## - PHYSICAL DESCRIPTION | |
| Pagination | 238 p. : |
| Dimensions | 22 cm. |
| 650 ## - SUBJECT ADDED ENTRY--TOPICAL TERM | |
| Topical term or geographic name as entry element | Self-development and meditation |
| 700 ## - ADDED ENTRY--PERSONAL NAME | |
| Personal name | আসাদুজ্জামান,মোহাম্মদ |
| 942 ## - ADDED ENTRY ELEMENTS (KOHA) | |
| Source of classification or shelving scheme | Dewey Decimal Classification |
| Koha item type | Books |
| Source of classification or shelving scheme | Damaged status | Not for loan | Home library | Current library | Shelving location | Date of accession | Source of acquisition | Cost, normal purchase price | Total Checkouts | Full call number | Barcode | Date last seen | Date checked out | Copy number | Method of acquisition | Koha item type | Currency |
|---|---|---|---|---|---|---|---|---|---|---|---|---|---|---|---|---|---|
| Dewey Decimal Classification | JCC Rouf Library | JCC Rouf Library | General Stacks | With The Compliments Of 7th Intake. | 450.00 | 4 | 158.1 CLE 2023 | 19165 | 04/15/2025 | 04/13/2025 | C-1 | Purchase | Books | BDT |